Mniejszości Etniczne i Narody Państw Europy - Statystyki

Ogólne statystyki
  • Ten quiz został rozwiązany 165 razy
    145 od ostatniego zresetowania
  • Średni wynik to 54 z 295
Statystyki odpowiedzi
Path Odpowiedź % Poprawnych
76 000 000 Niemcy
92%
60 000 000 Polacy
91%
135 000 000 Rosjanie
91%
100 000 000 Francuzi
88%
140 000 000 Hiszpanie
85%
140 000 000 Włosi
85%
56 000 000 Portugalczycy
84%
10 000 000 Serbowie
83%
90 000 000 Anglicy
81%
70 000 000 Irlandczycy
81%
7 000 000 Słowacy
81%
13 000 000 Szwedzi
81%
80 000 000 Turcy
81%
14 000 000 Grecy
80%
65 000 000 Ukraińcy
80%
10 000 000 Białorusini
79%
12 000 000 Czesi
79%
7 000 000 Finowie
78%
4 200 000 Litwini
78%
28 000 000 Szkoci
78%
8 000 000 Chorwaci
76%
30 000 000 Holendrzy
76%
10 000 000 Norwegowie
76%
7 000 000 Duńczycy
75%
22 800 000 Rumuni
75%
8 000 000 Szwajcarzy
75%
1 700 000 Łotysze
74%
15 000 000 Węgrzy
74%
12 000 000 Romowie
73%
617 000 Ślązacy
73%
10 000 000 Bułgarzy
72%
6 000 000 Walijczycy
72%
8 000 000 Albańczycy
71%
7 427 759 Austriacy
71%
1 100 000 Estończycy
71%
240 000 Kaszubi
71%
11 000 000 Belgowie
70%
8 400 000 Katalończycy
69%
388 900 Islandczycy
68%
7 000 000 Tatarzy
68%
3 000 000 Baskowie
67%
2 500 000 Słoweńcy
65%
4 000 000 Gruzini
62%
2 000 000 Macedończycy
62%
17 800 000 Żydżi
62%
8 000 000 Ormianie
61%
2 900 000 Mołdawianie
59%
60 000 Maltańczycy
56%
1 762 500 Rusini Karpaccy
56%
35 000 000 Azerzy
54%
75 000 Łemkowie
53%
80 000 Lapończycy
48%
300 000 Luksemburczycy
47%
8 000 000 Bretończycy
44%
16 000 000 Kazachowie
44%
500 000 Czarnogorcy
43%
15 000 000 Bawarczycy
40%
270 000 000 Brytyjczycy
39%
43 000 Karelowie
37%
36 400 000 Kurdowie
37%
3 000 000 Boszniacy
36%
1 600 Karaimi
35%
2 250 000 Sardyńczycy
33%
7 000 000 Flamandowie
32%
360 000 Morawianie
30%
70 000 Farerzy
29%
3 200 000 Galisyjczycy
29%
4 000 000 Walończycy
29%
8 400 Monegaskowie
27%
700 000 Osetyjczycy
26%
530 000 Fryzowie
25%
100 000 Kornwalijczycy
25%
80 000 Serbołużyczanie
24%
500 000 Tatarzy Krymscy
24%
600 000 Górale
22%
825 Watykańczycy
22%
17 000 000 Oksytańczycy
21%
60 000 000 Persowie
21%
196 433 Kałmucy
19%
1 192 111 Aragończycy
18%
2 000 000 Czeczeńcy
18%
5 300 000 Czerkiesi
18%
200 000 Gagauzi
18%
11 000 000 Andaluzyjczycy
17%
1 800 000 Baszkirzy
17%
553 000 Komi
17%
260 000 Korsykańczycy
17%
34 000 Liechtensteinczycy
17%
10 000 000 Mongołowie
17%
600 000 Ingusze
15%
50 000 Nieńcy
15%
35 000 000 Uzbecy
15%
806 000 Mordwini
14%
7 000 000 Turkmeni
14%
900 000 Alzatczycy
13%
1 200 000 Awarowie
13%
130 000 Bałkarzy
13%
18 000 000 Tadżycy
13%
500 000 Żmudzini
13%
128 500 Adygejczycy
12%
250 000 Arumuni
12%
700 000 Lezgini
12%
5 000 000 Asyryjczycy
11%
746 792 Balearczycy
11%
600 000 Friulowie
11%
95 788 Mańczycy
11%
1 500 000 Czuwasze
10%
1 628 500 Kabardyjczycy
10%
245 000 Karaczajowie
10%
1 797 856 Kosowarzy
10%
15 000 Mazurzy
10%
100 000 Muzułmanie z narodu
10%
34 000 San Maryńczycy
10%
314 604 Tyrolczycy
10%
637 000 Udmurci
10%
29 573 Gibraltarczycy
9%
150 000 Łatgalowie
9%
616 Liwowie
9%
13 500 000 Ujgurzy
9%
1 000 000 Asturyjczycy
8%
60 000 Gorani
8%
6,279 Wepsowie
8%
600 000 Abchazyjczycy
7%
50 000 Leończycy
7%
1 000 000 Pomacy
7%
45 000 Romanie
7%
560 000 Adżarowie
6%
31 000 Chantowie
6%
544 780 Hercegowińcy
6%
500 000 Jakuci
6%
1 600 000 Kanaryjczycy
6%
12 300 Mansowie
6%
600 000 Seklerzy
6%
10 000 000 Sycylianie
6%
1 000 Iżorowie
5%
600 000 Kumycy
5%
4 185 000 Walencjanie
5%
99 Wotowie
5%
4 000 000 Zaza
5%
45 000 000 Arabowie Iraccy
4%
29 000 000 Arabowie Syryjscy
4%
700 000 Dargijczycy
4%
1 100 000 Extremadurczycy
4%
305 000 Jugoslowianie
4%
296 900 Moksza
4%
200 000 Sinti
4%
300 Wilamowianie
4%
500 000 Buriaci
3%
69 856 Ewenkowie
3%
1 000 Istrorumuni
3%
8 022 Koriacy
3%
30 000 Ladynowie
3%
200 000 Lakowie
3%
600 000 Marijczycy
3%
120 000 Nogajowie
3%
10 000 Seto
3%
1 200 000 Tałyszowie
3%
150 000 Abazyni
2%
45 000 Agulowie
2%
80 000 Ałtajczycy
2%
4 000 000 Arabowie Libańscy
2%
157 000 Arpitańczycy
2%
20 000 Buniewcy
2%
80,000 Chakasi
2%
60 000 Czangowie
2%
16 241 Czukcze
2%
260 Eńcy
2%
1 900 000 Gaelijczycy
2%
250 000 Gaskończycy
2%
1 200 000 Grecy Cypryjscy
2%
3 211 Itelmeni
2%
1 814 Jukagirzy
2%
1 500 Krymczacy
2%
15 000 Kwenowie
2%
360 000 Lotaryngowie
2%
20 000 Meglenorumuni
2%
16 583 Rusini Panońscy
2%
120 000 Rutułowie
2%
2 000 000 Serbowie Bośniaccy
2%
11 000 Szetlandczycy
2%
155 000 Tabasaranowie
2%
210 000 Tatarzy Syberyjscy
2%
6 200 000 Tatarzy Wołżańscy
2%
27 000 Tatowie
2%
650 000 Turcy Cypryjscy
2%
24 000 Tutejsi
2%
150 000 Żydzi Gorscy
2%
619 187 Albańczycy Macedońscy
1%
600 000 Anglo-Irlandczycy
1%
50 000 Arwanici
1%
3 000 Bacbi
1%
100 000 Cachurzy
1%
1 002 Czuwańcy
1%
18 000 Egipicjanie Bałkańscy
1%
712 000 Finowie Szwedzcy
1%
2 000 Kamczadałowie
1%
150 000 Karabachowie
1%
800 000 Karakałpacy
1%
94 456 Komi -Permiacy
1%
106 000 Lazowie
1%
400 000 Megrelowie
1%
15 000 Mirandyjczycy
1%
978 Nganasanie
1%
5 800 Niwchowie
1%
80 000 Owernijczycy
1%
3 649 Selkupowie
1%
14 000 Swanowie
1%
3 370 000 Szkoci Ulsterscy
1%
12 890 Szorowie
1%
312 194 Tuwińczycy
1%
22 000. Włosi Istryjscy
1%
250 000 Żydzi Gruzińscy
1%
10 000 Achwachowie
0%
15 000 Aleuci
0%
20 000 Algherczycy
0%
40 000 Andowie
0%
5 000 Aranejczycy
0%
4 000 Arbanasyjczycy
0%
100 000 Arboresze
0%
5 000 Arczynowie
0%
20 000 Aszkali
0%
10 000 Bagwalalnachowie
0%
1 500 Barranquenhczycy
0%
2 201 Besermjanie
0%
3 508 Botlichowie
0%
1 000 Buduchowie
0%
30 000 Cezyjczycy
0%
2 233 Chinalugowie
0%
130 000 Chorwaci Burgenlandcy
0%
2 000 Chorwaci Molizańscy
0%
8 500 Chwarszowie
0%
19 500 Czamalalowie
0%
355 Czułymowie
0%
7 911 Dołganie
0%
70 000 Duchoborcy
0%
150 000 Dunganie
0%
8 000 Godoberi
0%
2 000 000 Grecy Pontyccy
0%
91 548 Grecy Ukraińnscy
0%
80 000 Griko
0%
200 Guernseyanie
0%
200 000 Hemszini
0%
4 000 Hinuchowie
0%
6 200 Hunzibowie
0%
123 Ili Turcy
0%
200 000 Ironowie
0%
1 000 000 Jazydowie
0%
11 000 Jekowie
0%
45 379 Jerseyanie
0%
1 000 000 Jorukowie
0%
500 000 Kachetowie
0%
25 000 Kaitagowie
0%
593 121 Kantabriańczycy
0%
50 000 Kapadocjanie
0%
13 000 Kapuczynowie
0%
4 787 Karata
0%
2 000 000 Kaszkajowie
0%
23 Kerekowie
0%
1 100 Ketowie
0%
2 892 Kumandinowie
0%
5 000 Langwedocjanie
0%
14 100 Liwwikowie
0%
300 Ludycy
0%
3 000 000 Maronici
0%
100 000 Meschetianie
0%
60 000 Mijaci
0%
100 000 Mołokanie
0%
8 148 Nagajbacy
0%
18 000 Nanajowie
0%
513 Negidalowie
0%
5 200 Niemcy Bałtyccy
0%
77 949 Niemcy Belgijscy
0%
21 349 Orkadianie
0%
1 000 Oroczanie
0%
596 Orokowie
0%
15 000 Paulicjanie
0%
33 000 Pavee
0%
17 000 Rromowie
0%
10 Sarkejczycy
0%
13 109 Słoweńcy Karyntcy
0%
3 608 Sojoci
0%
607 Sokci
0%
807 882 Szapsugowie
0%
274 Tazowie
0%
2 643 Teleuci
0%
10 000 Tindowie
0%
762 Tofalarzy
0%
50 000 Torbesi
0%
190 000 Tornedalianie
0%
500 000 Turcy Meschetyńscy
0%
20 000 Ubychowie
0%
1 538 Udehejczycy
0%
10 000 Udyni
0%
92 700 Urumowie
0%
452 Włosi Dalmaccy
0%
Nie znaleziono quizów pasujących do podanych kryteriów
Rozkład punktacji
Procent ludzi z każdym wynikiem
Percentyl według liczby udzielonych odpowiedzi
Twoja historia wyników
Nie rozwiązałeś tego quizu od ostatniego zresetowania